00310nam a2200109Ia 4500008004000000082001500040100002100055245005500076260004600131300000800177650001500185210210b1975 xxu||||| |||| 00| 0 eng d a144.3 JAMP aJAMES (William). aPragmatism and 4 essays from the meaning of truth. aN DbEurasia Publishing House Ltd.,c1975 a271 aPragmatism